Statistics for Which countries have talent?

Click here to take the quiz!

General Stats

  • This quiz has been taken 37 times
  • The average score is 49 of 63

Answer Stats

Answer % Correct
America
97%
Norway
97%
France
97%
Spain
97%
New Zealand
94%
Australia
94%
Sweden
94%
Brazil
94%
Finland
94%
Russia
94%
Canada
94%
Mexico
91%
Holland
91%
Germany
91%
Portugal
91%
India
91%
China
91%
Belgium
91%
Argentina
91%
Chile
91%
Albania
89%
Poland
89%
Switzerland
89%
Romania & Moldova
89%
Denmark
89%
Britain
86%
Turkey
86%
Peru
86%
South Korea
83%
Greece
83%
Hungary
83%
Czech Republic & Slovakia
83%
Serbia
83%
Ukraine
83%
South Africa
83%
Vietnam
80%
Croatia
80%
Iceland
80%
Indonesia
77%
Israel
77%
Estonia
74%
Bulgaria
74%
Thailand
71%
Colombia
71%
Slovenia
71%
Lithuania
71%
Philippines
71%
Nigeria
69%
Armenia
66%
Mongolia
66%
Afghanistan
66%
Ecuador
66%
Slovakia
60%
Azerbaijan
60%
Kazakhstan
57%
Kenya
57%
Georgia
57%
Myanmar
54%
Cambodia
51%
Moldova
43%
Namibia
31%
Arab
11%
Asia
6%

Score Distribution

Percentile by Number Answered

Percent of People with Each Score

Your Score History

You have not taken this quiz